[Event "Nabereznye Chelny op 8th"]
[Site "Nabereznye Chelny"]
[Date "2010.01.21"]
[Round "3"]
[White "Gavrilov, Dmitry"]
[Black "Ponomaryov, Oleg"]
[Result "0-1"]
[WhiteElo "1000"]
[BlackElo "2004"]
[PlyCount "66"]
[EventDate "2010.01.19"]
[EventType "swiss"]
[EventRounds "9"]
[EventCountry "RUS"]
[SourceTitle "CBM 134 Extra"]
[Source "ChessBase"]
[SourceDate "2010.03.03"]
[SourceVersion "1"]
[SourceVersionDate "2010.03.03"]
[SourceQuality "1"]

1. e4 d6 2. d4 Nf6 3. Nc3 c6 4. f3 Qc7 5. Bd3 e5 6. Nge2 Be7 7. Be3 0-0 8. Qd2 Nbd7 9. 0-0-0 b5 10. Ng3 Nb6 11. Nf5 Bxf5 12. exf5 exd4 13. Bxd4 d5 14. g4 b4 15. Ne2 c5 16. Bxf6 Bxf6 17. g5 Bxb2+ 18. Kxb2 c4 19. Qxb4 cxd3 20. Rxd3 Qe5+ 21. Nd4 Nc4+ 22. Kc1 Rab8 23. Qc3 Qf4+ 24. Rd2 Nxd2 25. Qxd2 Rb1+ 26. Kxb1 Qxd2 27. Nc6 Re8 28. f6 gxf6 29. gxf6 Re1+ 30. Rxe1 Qxe1+ 31. Kb2 Qe3 32. Ne7+ Kf8 33. Nxd5 Qd4+ 0-1

[Event "Nabereznye Chelny op 8th"]
[Site "Nabereznye Chelny"]
[Date "2010.01.19"]
[Round "1"]
[White "Gavrilov, Dmitry"]
[Black "Kniazev, Igor"]
[Result "0-1"]
[WhiteElo "1000"]
[BlackElo "2240"]
[PlyCount "40"]
[EventDate "2010.01.19"]
[EventType "swiss"]
[EventRounds "9"]
[EventCountry "RUS"]
[SourceTitle "CBM 134 Extra"]
[Source "ChessBase"]
[SourceDate "2010.03.03"]
[SourceVersion "1"]
[SourceVersionDate "2010.03.03"]
[SourceQuality "1"]

1. e4 e5 2. Nf3 Nf6 3. Nxe5 d6 4. Nf3 Nxe4 5. d3 Nf6 6. Nc3 Bg4 7. Be2 Be7 8. 0-0 0-0 9. Bf4 Re8 10. Re1 Nbd7 11. Qd2 Nc5 12. Nd4 Qd7 13. h3 Bxe2 14. Rxe2 Nh5 15. Rae1 Bf6 16. Ncb5 Rxe2 17. Rxe2 a6 18. Bg5 axb5 19. Bxf6 Nxf6 20. Qg5 Ne6 0-1